[Event "Olomouc Chess Summer 2012 - Valoz Cup"]
[Site "Olomouc (CZE), Hotel Flora"]
[Date "2012.08.06"]
[Round "7.6"]
[White "Chernyshov, Konstantin"]
[Black "Simantsev, Mikhail"]
[Result "1/2-1/2"]
[WhiteElo "2534"]
[BlackElo "2526"]
[PlyCount "47"]
[EventDate "2012.08.01"]

1. e3 c5 2. b3 d5 3. Bb2 a6 4. f4 Nc6 5. Nf3 Nf6 6. Ne5 Qc7 7. Be2 g6 8. Bf3
Bg7 9. Nc3 Be6 10. Na4 b6 11. c4 Rd8 12. Nxc6 Qxc6 13. Rc1 O-O 14. O-O Qc7 15.
Be5 Qa7 16. Qe2 dxc4 17. bxc4 Ne8 18. Bxg7 Nxg7 19. Rc2 Rd6 20. Nc3 Rfd8 21.
Bd5 Bxd5 22. cxd5 b5 23. e4 c4+ 24. Qf2 1/2-1/2

[Event "Olomouc Chess Summer 2012 - Valoz Cup"]
[Site "Olomouc (CZE), Hotel Flora"]
[Date "2012.08.06"]
[Round "7.5"]
[White "Biolek, Richard"]
[Black "Steinberg, Nitzan"]
[Result "1/2-1/2"]
[WhiteElo "2409"]
[BlackElo "2343"]
[PlyCount "68"]
[EventDate "2012.08.01"]

1. d4 Nf6 2. c4 c5 3. d5 b5 4. cxb5 a6 5. bxa6 g6 6. Nc3 Bxa6 7. g3 d6 8. Bg2
Bg7 9. Nf3 O-O 10. O-O Nfd7 11. Rb1 Nb6 12. Nd2 N8d7 13. Qc2 Bb7 14. Rd1 Bxc3
15. bxc3 Bxd5 16. Bxd5 Nxd5 17. Ne4 N5b6 18. Bg5 f6 19. Bh6 Re8 20. f4 Qc7 21.
c4 Qc6 22. Nd2 Ra6 23. Rb3 Rea8 24. Ra1 Ra4 25. e4 R8a6 26. a3 Ra8 27. Qd3 Kf7
28. Rf1 Kg8 29. Rc3 Qc8 30. h4 Qa6 31. Rf3 Qc8 32. Kg2 Rb8 33. g4 Qe8 34. Nf1
Qf7 1/2-1/2

[Event "Olomouc Chess Summer 2012 - Valoz Cup"]
[Site "Olomouc (CZE), Hotel Flora"]
[Date "2012.08.06"]
[Round "7.4"]
[White "Bures, Jaroslav"]
[Black "Bae, Torstein"]
[Result "1/2-1/2"]
[WhiteElo "2392"]
[BlackElo "2420"]
[PlyCount "88"]
[EventDate "2012.08.01"]

1. e4 e5 2. Nf3 Nc6 3. Bb5 a6 4. Ba4 Nf6 5. O-O Be7 6. Re1 b5 7. Bb3 O-O 8. c3
d5 9. exd5 Nxd5 10. Nxe5 Nxe5 11. Rxe5 Bb7 12. d4 Qd7 13. Qf3 Rad8 14. Qf5 Qxf5
15. Rxf5 c5 16. dxc5 Rfe8 17. Nd2 Bxc5 18. Nf1 g6 19. Rf3 Re1 20. Bg5 Rxa1 21.
Bxd8 Rb1 22. Bg5 Rxb2 23. Nd2 Be7 24. Bxe7 Rxd2 25. Bg5 Re2 26. Kf1 Re5 27. h4
a5 28. a3 Bc8 29. Rd3 Be6 30. Bh6 f6 31. g4 Kf7 32. Kg1 Ne7 33. Bxe6+ Kxe6 34.
Be3 Nd5 35. Bd4 Re1+ 36. Kh2 Ra1 37. Bc5 Rc1 38. Bd4 Ra1 39. Bc5 Rb1 40. a4 Rb3
41. axb5 Rxb5 42. Bd4 Rb3 43. Rd1 a4 44. Ra1 Nxc3 1/2-1/2

[Event "Olomouc Chess Summer 2012 - Valoz Cup"]
[Site "Olomouc (CZE), Hotel Flora"]
[Date "2012.08.06"]
[Round "7.3"]
[White "Ponizil, Cyril"]
[Black "Duda, Jan-Krzysztof"]
[Result "0-1"]
[WhiteElo "2396"]
[BlackElo "2411"]
[PlyCount "50"]
[EventDate "2012.08.01"]

1. e4 e5 2. Bc4 Nc6 3. f4 Bc5 4. Nf3 d6 5. Nc3 Nf6 6. d3 O-O 7. fxe5 Nxe5 8.
Nxe5 dxe5 9. Bg5 h6 10. Bh4 c6 11. Rf1 Be7 12. Qf3 b5 13. Bb3 a5 14. a3 Kh8 15.
Nd1 Bg4 16. Qe3 a4 17. Bxf6 Bxf6 18. Ba2 Qd6 19. Qd2 Bg5 20. Qf2 f5 21. exf5
Rxf5 22. Qg3 Rxf1+ 23. Kxf1 Rf8+ 24. Nf2 Qf6 25. Kg1 Be2 0-1

[Event "Olomouc Chess Summer 2012 - Valoz Cup"]
[Site "Olomouc (CZE), Hotel Flora"]
[Date "2012.08.06"]
[Round "7.2"]
[White "Ben Artzi, Ido"]
[Black "Arutinian, David"]
[Result "1/2-1/2"]
[WhiteElo "2268"]
[BlackElo "2558"]
[PlyCount "95"]
[EventDate "2012.08.01"]

1. d4 Nf6 2. c4 e6 3. Nc3 Bb4 4. e3 O-O 5. Bd3 d5 6. Nf3 c5 7. O-O Nc6 8. a3
Bxc3 9. bxc3 dxc4 10. Bxc4 Qc7 11. Bb2 e5 12. h3 Bf5 13. Bb5 e4 14. Nd2 Rad8
15. Qc2 a6 16. Bxc6 Qxc6 17. c4 cxd4 18. Bxd4 Rd6 19. Rfd1 h5 20. Rab1 b5 21.
Rbc1 Rc8 22. Qb2 Qe8 23. c5 Rdc6 24. Bxf6 Rxf6 25. Nb3 Be6 26. Rd6 Bxb3 27.
Rxf6 gxf6 28. Qxb3 Qe5 29. Qb4 Rc6 30. Qd4 Kg7 31. g3 Qf5 32. h4 Qe5 33. a4
bxa4 34. Qxa4 Rxc5 35. Rxc5 Qxc5 36. Qxa6 Qf5 37. Qe2 Kh7 38. Kg2 Kg7 39. Kh2
Kh6 40. Kg2 Kg7 41. g4 Qxg4+ 42. Qxg4+ hxg4 43. Kg3 f5 44. Kf4 Kg6 45. h5+ Kxh5
46. Kxf5 Kh4 47. Kxe4 g3 48. fxg3+ 1/2-1/2

[Event "Olomouc Chess Summer 2012 - Valoz Cup"]
[Site "Olomouc (CZE), Hotel Flora"]
[Date "2012.08.05"]
[Round "6.5"]
[White "Duda, Jan-Krzysztof"]
[Black "Ben Artzi, Ido"]
[Result "1-0"]
[WhiteElo "2411"]
[BlackElo "2268"]
[PlyCount "83"]
[EventDate "2012.08.01"]

1. e4 d6 2. d4 Nf6 3. Nc3 g6 4. Be3 c6 5. h3 b5 6. e5 dxe5 7. dxe5 Qxd1+ 8.
Rxd1 Nfd7 9. Bd4 Rg8 10. Nf3 Bg7 11. Bd3 a6 12. Be4 f5 13. Nd5 fxe4 14. Nc7+
Kd8 15. Ne6+ Ke8 16. Nfg5 Bh6 17. Nc7+ Kf8 18. Nge6+ Kf7 19. Nxa8 Nxe5 20. Nc5
Ned7 21. Nxd7 Nxd7 22. Nb6 c5 23. Nxd7 cxd4 24. Ne5+ Ke6 25. Nc6 d3 26. cxd3 e3
27. f3 Kd6 28. Nb4 Be6 29. Ke2 Ra8 30. Rc1 a5 31. Rc6+ Kd7 32. Ra6 Rxa6 33.
Nxa6 Kc6 34. Rc1+ Kb6 35. a3 Bg7 36. Nc5 Bd5 37. Nd7+ Kb7 38. Rc5 e6 39. Rxb5+
Ka6 40. a4 Bd4 41. Nb8+ Ka7 42. Rxd5 1-0

[Event "Olomouc Chess Summer 2012 - Valoz Cup"]
[Site "Olomouc (CZE), Hotel Flora"]
[Date "2012.08.05"]
[Round "6.3"]
[White "Steinberg, Nitzan"]
[Black "Bures, Jaroslav"]
[Result "0-1"]
[WhiteElo "2343"]
[BlackElo "2392"]
[PlyCount "126"]
[EventDate "2012.08.01"]

1. e4 c6 2. d4 d5 3. e5 Bf5 4. Nf3 e6 5. Be2 c5 6. Be3 cxd4 7. Nxd4 Ne7 8. Nd2
Nbc6 9. N2f3 Be4 10. O-O Ng6 11. Nd2 Ngxe5 12. Nxe4 dxe4 13. c3 Qc8 14. Qa4 a6
15. Rad1 Be7 16. Bf4 O-O 17. Rfe1 b5 18. Qc2 f5 19. Qb3 Nxd4 20. cxd4 Ng6 21.
Be3 Kh8 22. a4 bxa4 23. Qxa4 Qb7 24. Bc4 Bb4 25. Rf1 f4 26. Bc1 Rf6 27. d5 e5
28. Qc2 f3 29. g3 Qd7 30. Rfe1 Bxe1 31. Rxe1 Nf4 32. Bxf4 exf4 33. Qxe4 fxg3
34. hxg3 Raf8 35. Qe7 Qxe7 36. Rxe7 h5 37. Kf1 Rb6 38. b3 Kh7 39. Ke1 Kh6 40.
Kd2 g5 41. Ke3 h4 42. Bd3 Kh5 43. gxh4 gxh4 44. Re5+ Kg4 45. Re4+ Kg5 46. Re5+
Kf6 47. Rh5 Rxb3 48. Rxh4 Ke5 49. Rh5+ Kd6 50. Ke4 Rb4+ 51. Ke3 Re8+ 52. Kd2 a5
53. Rf5 Rb2+ 54. Kc3 Rxf2 55. Kd4 a4 56. Rf6+ Ke7 57. Re6+ Kd8 58. Rd6+ Kc7 59.
Rc6+ Kb7 60. Kc5 Rb2 61. Ba6+ Kb8 62. Rf6 a3 63. Bb5 Rc8+ 0-1

[Event "Olomouc Chess Summer 2012 - Valoz Cup"]
[Site "Olomouc (CZE), Hotel Flora"]
[Date "2012.08.05"]
[Round "6.2"]
[White "Simantsev, Mikhail"]
[Black "Biolek, Richard"]
[Result "1-0"]
[WhiteElo "2526"]
[BlackElo "2409"]
[PlyCount "107"]
[EventDate "2012.08.01"]

1. d4 Nf6 2. c4 g6 3. Nc3 d5 4. Nf3 Bg7 5. Bf4 O-O 6. e3 c5 7. dxc5 Ne4 8. Rc1
Nxc3 9. bxc3 dxc4 10. Qxd8 Rxd8 11. Bxc4 Nd7 12. Rd1 Rf8 13. Bg5 Bxc3+ 14. Ke2
Bf6 15. Bxf6 Nxf6 16. Ne5 Bf5 17. Rd4 Rac8 18. Rc1 Kg7 19. Bb3 Rc7 20. g4 Bd7
21. a4 Be8 22. Rb4 Nd7 23. Nxd7 Bxd7 24. Bd5 Bc8 25. a5 f5 26. g5 Rd8 27. Bb3
Rcd7 28. Ke1 e5 29. a6 bxa6 30. c6 Rc7 31. Ba4 Kf7 32. Rc5 e4 33. Re5 Rd3 34.
Ke2 Re7 35. Bb3+ Kf8 36. Rc5 Rc7 37. f3 Rd6 38. Ba4 exf3+ 39. Kxf3 Ke7 40. Re5+
Re6 41. Kf4 Kd6 42. Rd4+ Ke7 43. e4 fxe4 44. Rdxe4 Kd6 45. Rd4+ Ke7 46. Ke4
Rxe5+ 47. Kxe5 Be6 48. Rb4 Bc8 49. Kd5 Bh3 50. Re4+ Kd8 51. Kd6 Bf5 52. Re3 a5
53. Rb3 Kc8 54. Bb5 1-0

[Event "Olomouc Chess Summer 2012 - Valoz Cup"]
[Site "Olomouc (CZE), Hotel Flora"]
[Date "2012.08.05"]
[Round "5.6"]
[White "Biolek, Richard"]
[Black "Chernyshov, Konstantin"]
[Result "1/2-1/2"]
[WhiteElo "2409"]
[BlackElo "2534"]
[PlyCount "86"]
[EventDate "2012.08.01"]

1. d4 f5 2. g3 Nf6 3. Bg2 e6 4. Nf3 Be7 5. O-O O-O 6. c4 d6 7. b4 a5 8. b5 Ne4
9. a4 Nd7 10. Qc2 Bf6 11. Bb2 b6 12. Nfd2 Nxd2 13. Nxd2 Rb8 14. Nb3 Bb7 15.
Bxb7 Rxb7 16. Rad1 Rf7 17. c5 Nf8 18. Nc1 Rb8 19. Nd3 Rd7 20. e3 Qe8 21. Ba3
Ng6 22. Nf4 Nxf4 23. exf4 dxc5 24. dxc5 Rbd8 25. cxb6 cxb6 26. Qc6 Rxd1 27.
Qxe8+ Rxe8 28. Rxd1 Rd8 29. Rxd8+ Bxd8 30. Bb2 Kf7 31. Bd4 g6 32. Kg2 Ke7 33.
Be5 Kd7 34. h4 Bc7 35. Kf3 Bxe5 36. fxe5 Ke7 37. g4 fxg4+ 38. Kxg4 Kf7 39. Kf4
Kg7 40. Kg5 Kf7 41. Kf4 Kf8 42. Kg4 Kg7 43. Kg5 Kf7 1/2-1/2

[Event "Olomouc Chess Summer 2012 - Valoz Cup"]
[Site "Olomouc (CZE), Hotel Flora"]
[Date "2012.08.05"]
[Round "5.5"]
[White "Bures, Jaroslav"]
[Black "Simantsev, Mikhail"]
[Result "1-0"]
[WhiteElo "2392"]
[BlackElo "2526"]
[PlyCount "83"]
[EventDate "2012.08.01"]

1. e4 e5 2. Nf3 Nc6 3. Bb5 a6 4. Ba4 Nf6 5. O-O b5 6. Bb3 Bc5 7. a4 Rb8 8. axb5
axb5 9. Nxe5 Nxe5 10. d4 Bxd4 11. Qxd4 d6 12. f4 Nc6 13. Qc3 Ne7 14. e5 Ne4 15.
Qe1 d5 16. c3 O-O 17. Be3 b4 18. Bc2 bxc3 19. bxc3 Bf5 20. Qd1 Rb2 21. Bxe4
dxe4 22. Bc5 Nd5 23. Qc1 Qb8 24. c4 e3 25. cxd5 Be4 26. Nc3 Rxg2+ 27. Kh1 Rc2+
28. Nxe4 Rxc1 29. Raxc1 Qb3 30. Nf6+ Kh8 31. Bxf8 e2 32. Bxg7+ Kxg7 33. Rg1+
Kh6 34. Ng8+ Kh5 35. Nf6+ Kh6 36. Kg2 Kg6 37. Kf2+ Kf5 38. Rce1 Kxf4 39. Rxe2
Qf3+ 40. Ke1 Qc3+ 41. Kf1 Qd3 42. Rg3 1-0

[Event "Olomouc Chess Summer 2012 - Valoz Cup"]
[Site "Olomouc (CZE), Hotel Flora"]
[Date "2012.08.05"]
[Round "5.4"]
[White "Ponizil, Cyril"]
[Black "Steinberg, Nitzan"]
[Result "1-0"]
[WhiteElo "2396"]
[BlackElo "2343"]
[PlyCount "93"]
[EventDate "2012.08.01"]

1. e4 c5 2. Nf3 d6 3. d4 cxd4 4. Nxd4 Nf6 5. Nc3 a6 6. Bg5 e6 7. f4 h6 8. Bh4
Be7 9. Qf3 Qc7 10. O-O-O Nbd7 11. Bd3 g5 12. fxg5 Ne5 13. Qe2 Nfg4 14. Nf3 hxg5
15. Bg3 Bd7 16. h3 Nxf3 17. hxg4 Nh4 18. e5 d5 19. Bf2 O-O-O 20. g3 Ng6 21.
Bxg6 fxg6 22. Bd4 Qc4 23. Qe3 Kb8 24. Rxh8 Rxh8 25. b3 Qc8 26. Kb2 Rf8 27. Rh1
Rf7 28. a4 Bc6 29. Qd3 Qg8 30. Rh6 Qf8 31. Rxg6 Bd7 32. Ka2 Rf1 33. Rg8 Qxg8
34. Qxf1 Be8 35. Qf2 Qh7 36. Kb2 Bg6 37. Ba7+ Ka8 38. Bb6 Kb8 39. a5 Qh1 40.
Ba7+ Ka8 41. Bc5 Bxc5 42. Qxc5 Qh8 43. Qc7 Be8 44. Qd8+ Ka7 45. Qb6+ Kb8 46.
Qxe6 Bc6 47. Qd6+ 1-0

[Event "Olomouc Chess Summer 2012 - Valoz Cup"]
[Site "Olomouc (CZE), Hotel Flora"]
[Date "2012.08.05"]
[Round "5.3"]
[White "Ben Artzi, Ido"]
[Black "Bae, Torstein"]
[Result "0-1"]
[WhiteElo "2268"]
[BlackElo "2420"]
[PlyCount "82"]
[EventDate "2012.08.01"]

1. d4 Nf6 2. c4 c5 3. d5 b5 4. cxb5 a6 5. bxa6 g6 6. Nc3 Bxa6 7. Nf3 d6 8. g3
Bg7 9. Bg2 Nfd7 10. Qc2 Nb6 11. O-O N8d7 12. Rd1 O-O 13. b3 Bxe2 14. Rd2 Ba6
15. Bb2 Nf6 16. a4 Bh6 17. Rdd1 Bb7 18. Nh4 Ra5 19. f4 Bg7 20. Qe2 Re8 21. Bf3
Qd7 22. g4 e6 23. dxe6 Rxe6 24. Qg2 Bxf3 25. Qxf3 Nxg4 26. Re1 c4 27. f5 Bd4+
28. Kh1 Nf2+ 29. Kg2 Rxe1 30. Rxe1 Nd3 31. Re4 d5 32. Nxd5 Rxd5 33. bxc4 Nxc4
34. Qxd3 Nxb2 35. Qb3 Bf6 36. Nf3 Qxf5 37. Qb4 Rd8 38. Rf4 Qe6 39. Re4 Qd5 40.
Qe1 Kg7 41. a5 Nd3 0-1

[Event "Olomouc Chess Summer 2012 - Valoz Cup"]
[Site "Olomouc (CZE), Hotel Flora"]
[Date "2012.08.01"]
[Round "1.6"]
[White "Ponizil, Cyril"]
[Black "Bures, Jaroslav"]
[Result "1-0"]
[WhiteElo "2396"]
[BlackElo "2392"]
[PlyCount "145"]
[EventDate "2012.08.01"]

1. e4 c6 2. d4 d5 3. exd5 cxd5 4. c4 Nf6 5. Nc3 Nc6 6. Bg5 dxc4 7. Bxc4 h6 8.
Be3 e6 9. Nf3 Bd6 10. O-O O-O 11. Re1 b6 12. a3 Bb7 13. Rc1 Rc8 14. Ba2 Ne7 15.
Ne5 Ned5 16. Nxd5 Nxd5 17. Bd2 Qh4 18. Nf3 Rxc1 19. Bxc1 Qh5 20. Ne5 Qxd1 21.
Rxd1 Rd8 22. Nc4 Bc7 23. Ne3 Nf4 24. Bc4 a6 25. Bf1 b5 26. g3 Ng6 27. Nc2 Bb6
28. Be3 Ne7 29. Nb4 e5 30. d5 Bxe3 31. fxe3 e4 32. Rd4 f5 33. a4 a5 34. d6 Nc8
35. Nd5 Kf8 36. Bxb5 Rxd6 37. Nf4 Ke7 38. Ne2 Na7 39. Rc4 Nc6 40. Kf2 Kf6 41.
Rc5 Ne5 42. Nd4 Ba6 43. Ke2 g6 44. b3 g5 45. Bxa6 Rxa6 46. Rd5 g4 47. Kf2 h5
48. Ke2 Ra8 49. Rd6+ Kf7 50. Rd5 Kf6 51. Rd6+ Kf7 52. Nxf5 Rb8 53. Nd4 Nf3 54.
Rd5 Nxd4+ 55. exd4 Rxb3 56. Rxh5 Rd3 57. Rxa5 Rxd4 58. Ke3 Rb4 59. Ra6 Rb2 60.
Kxe4 Rxh2 61. Kf4 Rc2 62. Kxg4 Rc5 63. Kh4 Kg7 64. g4 Rd5 65. Rb6 Ra5 66. Rb4
Kg6 67. Kg3 Ra8 68. Re4 Kg5 69. Re5+ Kf6 70. Rf5+ Kg6 71. a5 Rb8 72. a6 Rb3+
73. Rf3 1-0

[Event "Olomouc Chess Summer 2012 - Valoz Cup"]
[Site "Olomouc (CZE), Hotel Flora"]
[Date "2012.08.01"]
[Round "1.2"]
[White "Duda, Jan-Krzysztof"]
[Black "Steinberg, Nitzan"]
[Result "1-0"]
[WhiteElo "2411"]
[BlackElo "2343"]
[PlyCount "79"]
[EventDate "2012.08.01"]

1. e4 c5 2. Nf3 d6 3. d4 cxd4 4. Nxd4 Nf6 5. Nc3 a6 6. Be2 e5 7. Nb3 Be7 8. O-O
O-O 9. a4 Be6 10. Bf3 Nbd7 11. Re1 Rc8 12. a5 Qc7 13. Be3 Rfd8 14. h3 h6 15.
Re2 Nc5 16. Rd2 Qc6 17. Nd5 Bxd5 18. exd5 Qc7 19. Nxc5 dxc5 20. Ra4 Bd6 21. b3
Rf8 22. Re2 Nh7 23. g4 Qe7 24. Qd3 Rfe8 25. Bg2 Qf6 26. Bd2 Qd8 27. Rae4 Bc7
28. Bc3 Nf8 29. f4 Bxa5 30. Bxe5 Qd7 31. f5 Nh7 32. c4 Bd8 33. d6 Bg5 34. Bg3
Rxe4 35. Qxe4 Rb8 36. Qd5 b6 37. Re7 Bxe7 38. dxe7 Qxe7 39. Bxb8 Qe3+ 40. Kh2
1-0

[Event "Olomouc Chess Summer 2012 - Valoz Cup"]
[Site "Olomouc (CZE), Hotel Flora"]
[Date "2012.08.01"]
[Round "1.1"]
[White "Bae, Torstein"]
[Black "Givon, Asaf"]
[Result "0-1"]
[WhiteElo "2420"]
[BlackElo "2340"]
[PlyCount "82"]
[EventDate "2012.08.01"]

1. e4 c5 2. Nf3 d6 3. d4 cxd4 4. Nxd4 Nf6 5. Nc3 a6 6. Be2 e6 7. O-O Be7 8. a4
O-O 9. Kh1 Qc7 10. f4 Nc6 11. Be3 Re8 12. Bd3 Bd7 13. Qf3 Bf8 14. Rae1 Nb4 15.
Bg1 Bc6 16. Qh3 h6 17. e5 dxe5 18. fxe5 Nxd3 19. Qxd3 Nd5 20. Ne4 Nb4 21. Qg3
Bxe4 22. Rxe4 Nc6 23. c3 Nxd4 24. Bxd4 b5 25. axb5 axb5 26. b4 Red8 27. Rg4 Rd7
28. h4 Qc4 29. Qf3 Ra3 30. Rf4 Qc7 31. Qf2 Qb7 32. h5 Rc7 33. Kg1 Rd7 34. Bc5
Rxc3 35. Rg4 Bxc5 36. bxc5 Qd5 37. Qf6 Qxc5+ 38. Kh1 Qf8 39. Qxh6 Rc4 40. Rg6
Rh4+ 41. Kg1 Qc5+ 0-1

[Event "Olomouc Chess Summer 2012 - Prima Pack "]
[Site "Olomouc (CZE), Hotel Flora"]
[Date "2012.08.06"]
[Round "6.5"]
[White "Bartos, Jan"]
[Black "Jurek, Josef"]
[Result "0-1"]
[WhiteElo "2211"]
[BlackElo "2318"]
[PlyCount "68"]
[EventDate "2012.08.01"]

1. d4 e6 2. c4 Nf6 3. Nc3 Bb4 4. e3 b6 5. Nge2 Ba6 6. Ng3 c5 7. a3 Bxc3+ 8.
bxc3 O-O 9. Bd3 Nc6 10. a4 d6 11. Ba3 Na5 12. Qe2 Rc8 13. d5 exd5 14. cxd5 Bxd3
15. Qxd3 Ng4 16. Nf5 g6 17. Ng3 f5 18. h3 Ne5 19. Qd1 Qh4 20. O-O Qc4 21. Ne2
Nd3 22. Nc1 Nxc1 23. Rxc1 Rce8 24. Re1 Re5 25. Qc2 Rfe8 26. Rcd1 Re4 27. f3
Rxe3 28. Qf2 Re2 29. Qg3 Nb7 30. Bc1 Nd8 31. Bg5 Nf7 32. Bf6 Qxa4 33. h4 f4 34.
Qf2 Rxf2 0-1

[Event "Olomouc Chess Summer 2012 - Prima Pack "]
[Site "Olomouc (CZE), Hotel Flora"]
[Date "2012.08.06"]
[Round "6.3"]
[White "Chernyshova, Natalia"]
[Black "Bjerke, Silje"]
[Result "0-1"]
[WhiteElo "2080"]
[BlackElo "2235"]
[PlyCount "102"]
[EventDate "2012.08.01"]

1. e4 e5 2. Nf3 Nc6 3. d4 exd4 4. Nxd4 Nf6 5. Nxc6 bxc6 6. Bd3 d5 7. exd5 cxd5
8. O-O Be7 9. Nc3 O-O 10. Bg5 c6 11. Re1 h6 12. Bh4 Rb8 13. Qe2 Be6 14. f4 Re8
15. Rab1 Qc8 16. Kh1 Bf5 17. Bxf6 Bxd3 18. Qxd3 Bxf6 19. b3 Qg4 20. Rxe8+ Rxe8
21. Rf1 Bxc3 22. Qxc3 Re2 23. Rg1 Qxf4 24. Qxc6 Qf2 25. h3 Rxc2 26. Qxd5 Rxa2
27. Rc1 Rd2 28. Qe4 f5 29. Qe6+ Kh7 30. Rg1 Rd3 31. Ra1 Rg3 32. Qd5 Rg6 33. Rc1
Qe3 34. Rc8 Qe6 35. Qa8 Qe1+ 36. Kh2 Qg3+ 37. Kh1 Re6 38. Rc1 a6 39. Qd5 Re5
40. Qc4 a5 41. Rf1 Qe3 42. Qf7 Qe4 43. Rf3 Qd5 44. Qa7 Re1+ 45. Kh2 Qe5+ 46.
Rg3 h5 47. h4 Re4 48. Kh3 Qa1 49. Kh2 Rxh4+ 50. Rh3 Qe5+ 51. Kg1 Rxh3 0-1

[Event "Olomouc Chess Summer 2012 - Prima Pack "]
[Site "Olomouc (CZE), Hotel Flora"]
[Date "2012.08.06"]
[Round "6.2"]
[White "Villegas, Pierre"]
[Black "Saduakassova, Dinara"]
[Result "1-0"]
[WhiteElo "2249"]
[BlackElo "2216"]
[PlyCount "87"]
[EventDate "2012.08.01"]

1. d4 Nf6 2. c4 e6 3. Nc3 Bb4 4. Qc2 d5 5. cxd5 exd5 6. Bg5 c5 7. dxc5 h6 8.
Bh4 g5 9. Bg3 Ne4 10. e3 Qa5 11. Rc1 Qxa2 12. Bb5+ Nc6 13. Nge2 Bf5 14. O-O
Bxc3 15. Nxc3 Nxg3 16. hxg3 Bxc2 17. Nxa2 Bb3 18. Nb4 Kd7 19. Nd3 Kc7 20. Rc3
Bc4 21. Bxc4 dxc4 22. Rxc4 Rad8 23. Nb4 Nxb4 24. Rxb4 Rd2 25. Ra1 Kb8 26. c6 b6
27. Rd4 Rd8 28. c7+ Kxc7 29. Rxa7+ Kc6 30. Rxd8 Rxd8 31. Rxf7 Rd1+ 32. Kh2 Rd2
33. b3 g4 34. Rf6+ Kc5 35. Rxh6 Rxf2 36. Rg6 Rb2 37. Rg5+ Kd6 38. Rxg4 Rxb3 39.
Re4 b5 40. g4 Kd5 41. Re8 Rb4 42. Kg3 Re4 43. Rxe4 Kxe4 44. Kf2 1-0

[Event "Olomouc Chess Summer 2012 - Prima Pack "]
[Site "Olomouc (CZE), Hotel Flora"]
[Date "2012.08.06"]
[Round "6.1"]
[White "Ptacnikova, Lenka"]
[Black "Biolek, Richard"]
[Result "0-1"]
[WhiteElo "2281"]
[BlackElo "2446"]
[PlyCount "136"]
[EventDate "2012.08.01"]

1. c4 Nf6 2. g3 e5 3. Bg2 d5 4. cxd5 Nxd5 5. Nf3 Nc6 6. O-O Be7 7. d4 exd4 8.
Nxd4 Nxd4 9. Qxd4 Nf6 10. Qa4+ c6 11. Nc3 O-O 12. e4 Qb6 13. Qc2 Ng4 14. Na4
Qb5 15. h3 Nf6 16. Be3 Qh5 17. g4 Qe5 18. Nc5 Rd8 19. Rac1 Nd7 20. Nb3 Qc7 21.
Nd4 Nf8 22. Nf5 Bxf5 23. gxf5 Bf6 24. Rcd1 Be5 25. b3 Bf4 26. Bd4 Nd7 27. Bb2
Ne5 28. Bc3 Qe7 29. Qe2 Qg5 30. Kh1 h5 31. Rxd8+ Rxd8 32. Rd1 g6 33. Rxd8+ Qxd8
34. Bxe5 Bxe5 35. fxg6 fxg6 36. Bf1 Qf6 37. Qd2 Kg7 38. Kg2 Bd6 39. Qe3 a6 40.
a4 Qe5 41. Bc4 b5 42. axb5 axb5 43. Bf1 Kf6 44. Bd3 Ke6 45. Bf1 Kd7 46. Qa7+
Bc7 47. Qe3 Kc8 48. Bd3 Kb7 49. Kf1 Qa1+ 50. Qe1 Qd4 51. Qe2 Be5 52. Qc2 Kb6
53. Ke2 Qd7 54. Qc1 Qxh3 55. Qe3+ Qxe3+ 56. Kxe3 g5 57. Be2 h4 58. Bg4 Ka5 59.
Bd7 c5 60. Kd3 Kb4 61. Kc2 c4 62. bxc4 Kxc4 63. Kd2 b4 64. Be6+ Kd4 65. f3 Bf4+
66. Kc2 Ke3 67. Bg4 Kf2 68. Kb3 Kg3 0-1

[Event "Olomouc Chess Summer 2012 - Prima Pack "]
[Site "Olomouc (CZE), Hotel Flora"]
[Date "2012.08.05"]
[Round "5.5"]
[White "Saduakassova, Dinara"]
[Black "Biolek, Richard"]
[Result "1/2-1/2"]
[WhiteElo "2216"]
[BlackElo "2446"]
[PlyCount "32"]
[EventDate "2012.08.01"]

1. d4 e6 2. c4 Bb4+ 3. Nc3 Bxc3+ 4. bxc3 f5 5. g3 Nf6 6. Bg2 O-O 7. Nh3 d6 8.
Rb1 Nc6 9. Ba3 Re8 10. O-O d5 11. Nf4 Na5 12. cxd5 exd5 13. Nd3 Nc4 14. Bb2 c6
15. Qc2 Ne4 16. Bc1 b6 1/2-1/2

[Event "Olomouc Chess Summer 2012 - Prima Pack "]
[Site "Olomouc (CZE), Hotel Flora"]
[Date "2012.08.05"]
[Round "5.4"]
[White "Bjerke, Silje"]
[Black "Villegas, Pierre"]
[Result "1-0"]
[WhiteElo "2235"]
[BlackElo "2249"]
[PlyCount "41"]
[EventDate "2012.08.01"]

1. e4 c6 2. d4 d5 3. e5 Bf5 4. h4 Qb6 5. Ne2 h6 6. Ng3 Bd7 7. c4 dxc4 8. Bxc4
Qb4+ 9. Nd2 Na6 10. O-O Nc7 11. a3 Qb6 12. Nde4 Be6 13. Bxe6 Nxe6 14. Be3 Rd8
15. Qa4 Rd5 16. Nc3 Ra5 17. Qc4 Qa6 18. Qa2 Qd3 19. Rfd1 Qg6 20. b4 Ra6 21. d5
1-0

[Event "Olomouc Chess Summer 2012 - Prima Pack "]
[Site "Olomouc (CZE), Hotel Flora"]
[Date "2012.08.05"]
[Round "5.2"]
[White "Jurek, Josef"]
[Black "Obsivac, Josef"]
[Result "1-0"]
[WhiteElo "2318"]
[BlackElo "2280"]
[PlyCount "73"]
[EventDate "2012.08.01"]

1. c4 Nf6 2. Nc3 g6 3. g3 Bg7 4. Bg2 O-O 5. d4 d6 6. Nf3 Nbd7 7. O-O c6 8. e4
e5 9. h3 Qa5 10. Re1 exd4 11. Nxd4 Ne5 12. Bf1 Re8 13. Be3 Be6 14. Nxe6 Rxe6
15. Kg2 Rae8 16. Qd2 a6 17. a3 Qd8 18. Rad1 Qb8 19. c5 dxc5 20. f4 Nh5 21. Bxc5
g5 22. fxe5 Bxe5 23. Qxg5+ Rg6 24. Qxh5 Bxg3 25. Re3 Bh2+ 26. Qxg6+ hxg6 27.
Rf3 Bf4 28. Bc4 Re5 29. Bb6 Rg5+ 30. Kh1 Kh7 31. Rd7 Kh6 32. Rxf7 Bc1 33. Ne2
Bd2 34. Rf8 Qd6 35. Rh8+ Kg7 36. Bd4+ Re5 37. Re8 1-0

[Event "Olomouc Chess Summer 2012 - Prima Pack "]
[Site "Olomouc (CZE), Hotel Flora"]
[Date "2012.08.05"]
[Round "5.1"]
[White "Bartos, Jan"]
[Black "Ptacnikova, Lenka"]
[Result "0-1"]
[WhiteElo "2211"]
[BlackElo "2281"]
[PlyCount "52"]
[EventDate "2012.08.01"]

1. d4 Nf6 2. c4 e6 3. Nc3 Bb4 4. e3 b6 5. Nge2 Bb7 6. a3 Be7 7. Ng3 d5 8. cxd5
Nxd5 9. e4 Nxc3 10. bxc3 O-O 11. Bd3 c5 12. Be3 cxd4 13. cxd4 Nc6 14. e5 g6 15.
Qg4 Nxe5 16. Qd1 Nxd3+ 17. Qxd3 Bxg2 18. Rg1 Bd5 19. Nh5 Qc7 20. Nf4 Qc4 21.
Qd1 Rac8 22. Qh5 Qc3+ 23. Ke2 Qxa1 24. Rxg6+ fxg6 25. Nxg6 Rc2+ 26. Bd2 Rxd2+
0-1

[Event "Olomouc Chess Summer 2012 - Prima Pack "]
[Site "Olomouc (CZE), Hotel Flora"]
[Date "2012.08.01"]
[Round "1.5"]
[White "Klima, Lukas"]
[Black "Bjerke, Silje"]
[Result "1/2-1/2"]
[WhiteElo "2372"]
[BlackElo "2235"]
[PlyCount "25"]
[EventDate "2012.08.01"]

1. d4 Nf6 2. c4 c5 3. d5 b5 4. cxb5 a6 5. b6 Qxb6 6. Nc3 d6 7. e4 g6 8. Nf3 Bg7
9. Nd2 O-O 10. Nc4 Qc7 11. Be2 Nbd7 12. O-O Nb6 13. Ne3 1/2-1/2

[Event "Olomouc Chess Summer 2012 - Prima Pack "]
[Site "Olomouc (CZE), Hotel Flora"]
[Date "2012.08.01"]
[Round "1.4"]
[White "Jurek, Josef"]
[Black "Saduakassova, Dinara"]
[Result "1/2-1/2"]
[WhiteElo "2318"]
[BlackElo "2216"]
[PlyCount "41"]
[EventDate "2012.08.01"]

1. Nf3 Nf6 2. d4 d5 3. c4 e6 4. e3 c5 5. Nc3 Nc6 6. cxd5 exd5 7. Bb5 Bd6 8. O-O
O-O 9. b3 Bg4 10. dxc5 Bxc5 11. Be2 a6 12. Bb2 Qd6 13. Nd4 Bd7 14. Nxc6 Bxc6
15. Bf3 Ne4 16. Na4 Bxa4 17. bxa4 Rfd8 18. Qd3 Ng5 19. Bg4 d4 20. Qf5 Ne6 21.
exd4 1/2-1/2